000
00294nam a2200121Ia 4500
008
220216s9999 xx 000 0 und d
100
_a
Karunaichamy K.
245
0
_a
Rainguardinginte sampathika pradhanyam
260
_b
Rubber
_c
2010
300
_a
15-17.
700
_a
Thomas K.U.
942
_c
ML
999
_c
72922
_d
72922